000 00545nam a2200181Ia 4500
003 OSt
005 20200519124813.0
008 190216s9999||||xx |||||||||||||| ||und||
020 _a9789839541373
040 _coclc
082 _a340.59
_bNYA/I
100 _aNyazee, Imran Ahsan Khan
_91734
245 0 _aIslamic Jurisprudence (Usul Al - Fiqh) /
_cImran Ahsan Khan Nyazee
260 _bThe Other Press,
_c2000.
_aMalaysia:
300 _a405p
650 _xIslamic Law
942 _cBK
_2ddc
_h340.59
_iNYA/I
_k340.59
_mNYA/I
999 _c34929
_d34929